Catálogo

Diccionario de la música : (Registro nro. 8005)

Detalles MARC
000 -LEADER
fixed length control field 01242cam a2200313 i 4500
001 - CONTROL NUMBER
control field 8005
003 - CONTROL NUMBER IDENTIFIER
control field Mx-PuUPA
005 - DATE AND TIME OF LATEST TRANSACTION
control field 20240410103445.0
008 - FIXED-LENGTH DATA ELEMENTS--GENERAL INFORMATION
fixed length control field 140415s1987 sp a g 000 0 spa d
020 ## - INTERNATIONAL STANDARD BOOK NUMBER
International Standard Book Number 8423953971
Qualifying information obra completa
040 ## - CATALOGING SOURCE
Original cataloging agency Mx-PuUPA
Language of cataloging spa
Transcribing agency Mx-PuUPA
Modifying agency Mx-PuUPA
Description conventions rda
041 1# - LANGUAGE CODE
Language code of text/sound track or separate title spa
Language code of original fre
240 14 - UNIFORM TITLE
Uniform title Les hommes et leurs oeuvres.
Language of a work Español
245 00 - TITLE STATEMENT
Title Diccionario de la música :
Remainder of title los hombres y sus obras /
Statement of responsibility, etc. publicado bajo la dirección de Marc Honegger ; edición española a cargo de Tomás Marco ; traducción, Francisco Javier Aguirre [y otros dos]
264 #1 - PRODUCTION, PUBLICATION, DISTRIBUTION, MANUFACTURE, AND COPYRIGHT NOTICE
Place of production, publication, distribution, manufacture Madrid :
Name of producer, publisher, distributor, manufacturer Espasa - Calpe,
Date of production, publication, distribution, manufacture, or copyright notice 1987
300 ## - PHYSICAL DESCRIPTION
Extent 2 volúmenes (paginación varía) :
Other physical details ilustraciones ;
Dimensions 25 cm.
336 ## - CONTENT TYPE
Fuente rdacontent
Content type term texto
Content type code txt
337 ## - MEDIA TYPE
Source rdamedia
Media type term sin medio
Media type code n
338 ## - CARRIER TYPE
Source rdacarrier
Carrier type term volumen
Carrier type code nc
505 ## - FORMATTED CONTENTS NOTE
Miscellaneous information t.1.
Title A-k. --
Miscellaneous information t.2.
Title L-Z.
650 #7 - SUBJECT ADDED ENTRY--TOPICAL TERM
Topical term or geographic name entry element Música
Form subdivision Enciclopedias y diccionarios
Source of heading or term armarc
700 ## - ADDED ENTRY--PERSONAL NAME
Personal name Honegger, Marc,
Relator term director
700 ## - ADDED ENTRY--PERSONAL NAME
Personal name Marco, Tomás,
Relator term editor
700 ## - ADDED ENTRY--PERSONAL NAME
Personal name Aguirre, Marc,
Relator term traductor
765 08 - ORIGINAL LANGUAGE ENTRY
Main entry heading Honegger, Marc,
Place, publisher, and date of publication París : Bordas, 1970
Title Les hommes et leurs oeuvres.
942 ## - ADDED ENTRY ELEMENTS (KOHA)
Source of classification or shelving scheme Dewey Decimal Classification
Koha item type Libro
Classification part 780.03
Item part D545
Existencias
Withdrawn status Lost status Source of classification or shelving scheme Damaged status Not for loan Collection code Home library Current library Shelving location Date acquired Source of acquisition Serial Enumeration / chronology Total Checkouts Full call number Barcode Date last seen Price effective from Koha item type
    Dewey Decimal Classification     Referencia Biblioteca Karol Wojtyla Biblioteca Karol Wojtyla Área de silencio 03/12/2013 Compra t.2. l -z   780.03 D545 1987 21512 05/01/2026 03/12/2013 Libro R
    Dewey Decimal Classification     Referencia Biblioteca Karol Wojtyla Biblioteca Karol Wojtyla Área de silencio 03/12/2013 Compra t.1. a-k   780.03 D545 1987 21511 05/01/2026 03/12/2013 Libro R